[Event "Münsterland Open"]
[Site "Senden"]
[Date "2007.10.04"]
[Round "7.10"]
[White "Freitag, Julia"]
[Black "Smolka, Alexander"]
[Result "1/2-1/2"]
[WhiteElo "2191"]
[BlackElo "2025"]
[PlyCount "118"]
[EventDate "2007.??.??"]

1. d4 Nf6 2. e3 e6 3. f4 b6 4. Nf3 Bb7 5. c3 c5 6. Bd3 cxd4 7. exd4 g6 8. O-O
Bg7 9. Qe1 O-O 10. Nbd2 Qc7 11. Qh4 Nc6 12. Ng5 h6 13. Nge4 Nxe4 14. Nxe4 f5
15. Nd2 Qd8 16. Qh3 Ne7 17. Nf3 Qe8 18. Bd2 Nd5 19. c4 Ne7 20. Be3 Rc8 21. Rae1
b5 22. cxb5 Nd5 23. Bd2 d6 24. g4 Qf7 25. Rf2 Nf6 26. gxf5 gxf5 27. Rfe2 Ne4
28. Be3 Bd5 29. Rg2 Kh8 30. Bxe4 fxe4 31. Nh4 Kh7 32. Ng6 Rfe8 33. Kh1 Qf5 34.
Qg3 Bf6 35. Nh4 Qh5 36. Qg6+ Qxg6 37. Nxg6 Rg8 38. Reg1 Rg7 39. h4 h5 40. f5
exf5 41. Nf4 Rxg2 42. Rxg2 Bf7 43. d5 Rc7 44. a4 Be5 45. Rg5 Bxb2 46. Rxf5 Kg7
47. Nxh5+ Bxh5 48. Rxh5 Rc4 49. Rg5+ Kf7 50. a5 Rb4 51. b6 axb6 52. axb6 Bd4
53. Bxd4 Rxd4 54. Kg2 Rb4 55. Kg3 Rxb6 56. Kf4 Rb4 57. h5 e3+ 58. Kxe3 Kf6 59.
Rg6+ Ke5 1/2-1/2

[Event "Münsterland Open"]
[Site "Senden"]
[Date "2007.10.05"]
[Round "8.1"]
[White "Felczer, Kevin"]
[Black "Korneev, Oleg"]
[Result "0-1"]
[WhiteElo "2242"]
[BlackElo "2565"]
[PlyCount "94"]
[EventDate "2007.??.??"]

1. e4 e5 2. Nf3 Nc6 3. Nc3 Nf6 4. d4 exd4 5. Nxd4 Bc5 6. Nxc6 bxc6 7. Bg5 h6 8.
Bh4 Qe7 9. Bd3 d6 10. O-O g5 11. Bg3 Ng4 12. e5 Nxe5 13. Bxe5 dxe5 14. Qf3 O-O
15. Qxc6 Be6 16. Rae1 Bd6 17. Nd5 Qd8 18. Ne3 Qd7 19. Qxd7 Bxd7 20. Bf5 Bb5 21.
c4 Ba6 22. b3 Rad8 23. Ng4 Kg7 24. Rd1 Bb7 25. Ne3 Bc5 26. Nd5 c6 27. Nc3 Bd4
28. Ne4 c5 29. g4 h5 30. h3 f6 31. Kg2 Rh8 32. Kf3 Kf7 33. Ke2 Ke7 34. Ng3 hxg4
35. hxg4 Bg2 36. Rg1 Rh2 37. Nf1 Bxf1+ 38. Rgxf1 Bxf2 39. Rxd8 Bd4+ 40. Kf3
Kxd8 41. Bb1 Ke7 42. Kg3 Re2 43. Kf3 Re3+ 44. Kg2 e4 45. Rh1 Re2+ 46. Kf1 Rf2+
47. Ke1 e3 0-1

[Event "Münsterland Open"]
[Site "Senden"]
[Date "2007.10.05"]
[Round "8.2"]
[White "van der Weide, Karel"]
[Black "Kuhn, Ulf"]
[Result "1-0"]
[WhiteElo "2512"]
[BlackElo "2130"]
[PlyCount "57"]
[EventDate "2007.??.??"]

1. e4 c5 2. Nf3 e6 3. d3 Nc6 4. g3 g6 5. Bg2 Bg7 6. O-O Nge7 7. c3 e5 8. a3 d6
9. b4 O-O 10. Nbd2 Bg4 11. h3 Bxf3 12. Nxf3 Kh8 13. Qb3 Qd7 14. Ng5 Nd8 15. Be3
h6 16. Nf3 Ne6 17. Rfd1 f5 18. exf5 gxf5 19. bxc5 dxc5 20. Re1 Ng6 21. Bc1 Rf7
22. h4 h5 23. Ng5 Nxg5 24. Bxg5 f4 25. Qd5 Qc7 26. Qf3 Kg8 27. Qxh5 fxg3 28.
fxg3 Qd6 29. Be4 1-0

[Event "Münsterland Open"]
[Site "Senden"]
[Date "2007.10.05"]
[Round "8.4"]
[White "Thesing, Matthias"]
[Black "Schulze, Ulrich"]
[Result "1-0"]
[WhiteElo "2393"]
[BlackElo "2309"]
[PlyCount "63"]
[EventDate "2007.??.??"]

1. e4 c5 2. Nc3 Nc6 3. Bb5 Nd4 4. Nf3 Nxb5 5. Nxb5 d6 6. d4 Nf6 7. O-O a6 8.
Nc3 cxd4 9. Qxd4 e5 10. Qd3 h6 11. Nd2 Be7 12. a4 Be6 13. Nc4 Qc7 14. Ne3 O-O
15. b3 Rac8 16. Bb2 Rfd8 17. Kh1 Qc5 18. Ncd5 Bxd5 19. exd5 Re8 20. f4 e4 21.
Qd2 Nd7 22. Bd4 Qc7 23. c4 Bf6 24. Nf5 Kh8 {Dieser Zug wurde nicht gespielt -
in Wirklichkeit ging die Partie mit 24... Kh7 und 25. Tf1 - e3 weiter. Um
diesen unmoeglichen Zug fuer die Partieerfassung zu "ermoeglichen", wurde der
Zug Kh8 eingefuegt.} 25. Rfe1 Kh7 26. Re3 g6 27. Bxf6 gxf5 28. Bb2 Rg8 29. Rh3
Rg6 30. Rh5 Nc5 31. Qc3 Qd7 32. Rxh6+ 1-0

[Event "Münsterland Open"]
[Site "Senden"]
[Date "2007.10.05"]
[Round "8.5"]
[White "Rüberg, Jobst"]
[Black "Hoffmann, Michael"]
[Result "1/2-1/2"]
[WhiteElo "2218"]
[BlackElo "2481"]
[PlyCount "50"]
[EventDate "2007.??.??"]

1. e4 c5 2. Nf3 d6 3. Bb5+ Bd7 4. Bxd7+ Qxd7 5. O-O Nf6 6. Re1 Nc6 7. c3 e6 8.
d4 cxd4 9. cxd4 d5 10. e5 Ne4 11. Nbd2 Nxd2 12. Bxd2 Be7 13. Rc1 O-O 14. Rc3
Rfc8 15. a3 Bd8 16. Rd3 Ne7 17. h4 Qb5 18. Rb3 Qc6 19. Rc3 Qa6 20. Ng5 h6 21.
Nxf7 Kxf7 22. Qh5+ Kg8 23. Rg3 Nf5 24. Qe8+ Kh7 25. Qg6+ Kh8 1/2-1/2

[Event "Münsterland Open"]
[Site "Senden"]
[Date "2007.10.05"]
[Round "8.6"]
[White "Barthel, Ansgar"]
[Black "Torres-Kuckel, Rafael"]
[Result "1/2-1/2"]
[WhiteElo "2182"]
[BlackElo "2250"]
[PlyCount "58"]
[EventDate "2007.??.??"]

1. e4 e5 2. Nf3 d6 3. d4 Nf6 4. dxe5 Nxe4 5. Qd5 Nc5 6. Bg5 Be7 7. exd6 Qxd6 8.
Qxd6 Bxd6 9. Nc3 O-O 10. Nb5 Re8+ 11. Be2 Nc6 12. Nxd6 cxd6 13. Be3 Ne4 14. O-O
d5 15. Rad1 Be6 16. Nd4 Nxd4 17. Rxd4 Nd6 18. Bf3 Nf5 19. Rd2 Ne7 20. Rfd1 Rac8
21. c3 h6 22. h3 b5 23. Bf4 Rc6 24. a4 bxa4 25. Ra1 Rc4 26. Bd6 Nc8 27. Bxd5
Bxd5 28. Rxd5 Nxd6 29. Rxd6 Rb8 1/2-1/2

[Event "Münsterland Open"]
[Site "Senden"]
[Date "2007.10.05"]
[Round "8.7"]
[White "Klein, Björn"]
[Black "Korth, Daniel"]
[Result "0-1"]
[WhiteElo "2116"]
[BlackElo "2203"]
[PlyCount "86"]
[EventDate "2007.??.??"]

1. d4 d5 2. c4 c6 3. Nf3 Nf6 4. e3 Bf5 5. Nc3 e6 6. Bd3 Bxd3 7. Qxd3 Be7 8. O-O
O-O 9. Rd1 dxc4 10. Qxc4 b5 11. Qd3 Nbd7 12. e4 b4 13. Ne2 Rc8 14. Bf4 Qb6 15.
Ng3 c5 16. e5 c4 17. Qb1 Nd5 18. Bg5 c3 19. Qc2 Rfd8 20. Bxe7 Nxe7 21. bxc3
Rxc3 22. Qe4 Qc6 23. Qh4 Re8 24. Ng5 h6 25. N5e4 Ng6 26. Qg4 Rc4 27. Qf3 Rf8
28. Qe3 Nb6 29. Nd6 Nd5 30. Qe4 Nc3 31. Qxc6 Rxc6 32. Re1 Nf4 33. Nge4 Nfe2+
34. Kf1 Nxd4 35. Rac1 Rb8 36. Nd2 f6 37. N6e4 fxe5 38. f3 a5 39. a3 Nxe4 40.
fxe4 Rxc1 41. Rxc1 bxa3 42. Rc3 a2 43. Rc1 Rb2 0-1

[Event "Münsterland Open"]
[Site "Senden"]
[Date "2007.10.05"]
[Round "8.8"]
[White "Davenport, Darcy"]
[Black "Litwak, Aleksej"]
[Result "1/2-1/2"]
[WhiteElo "2122"]
[BlackElo "2301"]
[PlyCount "81"]
[EventDate "2007.??.??"]

1. Nf3 Nf6 2. c4 e6 3. d4 b6 4. g3 Ba6 5. b3 b5 6. cxb5 Bxb5 7. Ba3 Bxa3 8.
Nxa3 Bc6 9. Bg2 O-O 10. O-O Qc8 11. Rc1 Qb7 12. Nc4 a5 13. Qd2 Qb4 14. Nce5
Qxd2 15. Nxd2 Bxg2 16. Kxg2 Na6 17. a3 Rfb8 18. Rc4 c6 19. Rfc1 Kf8 20. g4 Ke7
21. h3 Nd5 22. e3 Nb6 23. R4c2 Nc7 24. Nd3 Nb5 25. Nb1 Nd5 26. a4 Nbc7 27. Nd2
Nb4 28. Nxb4 Rxb4 29. Rc4 Na6 30. Rxb4 Nxb4 31. Rc5 d6 32. Rc3 Kd7 33. Kf3 Nd5
34. Rc1 Rb8 35. Kg3 f5 36. Kg2 g5 37. Kf1 h6 38. Ke2 Nf6 39. f3 Nd5 40. Rh1 Ke7
41. h4 1/2-1/2

[Event "Münsterland Open"]
[Site "Senden"]
[Date "2007.10.05"]
[Round "8.9"]
[White "Böhle, Lars"]
[Black "Noack, Reiner"]
[Result "1-0"]
[WhiteElo "2266"]
[BlackElo "2107"]
[PlyCount "65"]
[EventDate "2007.??.??"]

1. d4 e6 2. Nf3 d5 3. Bg5 Be7 4. Bxe7 Qxe7 5. Nbd2 Nf6 6. e3 O-O 7. Bd3 b6 8.
Qe2 Bb7 9. O-O Nbd7 10. Ne5 Nxe5 11. dxe5 Nd7 12. f4 f6 13. exf6 Rxf6 14. Nf3
Raf8 15. Ng5 g6 16. Qg4 Bc8 17. e4 e5 18. exd5 Nc5 19. Qe2 Nxd3 20. cxd3 Qc5+
21. Kh1 exf4 22. Ne4 Qxd5 23. Nxf6+ Rxf6 24. Rae1 Bd7 25. Qe7 Bc6 26. Rf2 Qd4
27. Ref1 Rf7 28. Qe2 Rf5 29. Qe6+ Kg7 30. Qxc6 Rc5 31. Qf3 g5 32. h3 Re5 33.
Re2 1-0

[Event "Münsterland Open"]
[Site "Senden"]
[Date "2007.10.05"]
[Round "8.10"]
[White "Smolka, Alexander"]
[Black "Seegers, Hendrik"]
[Result "1-0"]
[WhiteElo "2025"]
[BlackElo "2216"]
[PlyCount "49"]
[EventDate "2007.??.??"]

1. e4 c6 2. d4 d5 3. Nc3 dxe4 4. Nxe4 Nd7 5. Nf3 Ngf6 6. Neg5 e6 7. Bd3 Bd6 8.
Qe2 h6 9. Ne4 Nxe4 10. Qxe4 Nf6 11. Qe2 O-O 12. Bd2 b6 13. O-O-O Qc7 14. g4 Rd8
15. Rhg1 Bf4 16. Ne5 Rxd4 17. Bxf4 Rxf4 18. g5 hxg5 19. Rxg5 Rh4 20. Rdg1 Ne8
21. Qf3 f6 22. Ng6 Rxh2 23. Rh5 Rxh5 24. Qxh5 Qd6 25. Ne5 1-0

[Event "Münsterland Open"]
[Site "Senden"]
[Date "2007.10.06"]
[Round "9.1"]
[White "Korneev, Oleg"]
[Black "Thesing, Matthias"]
[Result "1-0"]
[WhiteElo "2565"]
[BlackElo "2393"]
[PlyCount "37"]
[EventDate "2007.??.??"]

1. e4 c5 2. Nf3 e6 3. d4 cxd4 4. Nxd4 a6 5. Bd3 Nf6 6. O-O Qc7 7. Qe2 d6 8. c4
g6 9. Nc3 Bg7 10. Nf3 O-O 11. Bf4 Nh5 12. Be3 Bxc3 13. bxc3 Nd7 14. Rad1 Nc5
15. Bb1 Rd8 16. e5 f5 17. Bg5 Rd7 18. exd6 Rxd6 19. Qe5 1-0

[Event "Münsterland Open"]
[Site "Senden"]
[Date "2007.10.06"]
[Round "9.3"]
[White "Korth, Daniel"]
[Black "Böhle, Lars"]
[Result "1/2-1/2"]
[WhiteElo "2203"]
[BlackElo "2266"]
[PlyCount "57"]
[EventDate "2007.??.??"]

1. d4 Nf6 2. c4 c5 3. d5 b5 4. cxb5 a6 5. e3 g6 6. Nc3 Bg7 7. a4 axb5 8. Bxb5
O-O 9. Nge2 Na6 10. O-O Nb4 11. Nf4 d6 12. Nd3 Bb7 13. e4 Qa5 14. f3 Ba6 15.
Be3 Nxd3 16. Qxd3 Rfb8 17. Bxa6 Qxa6 18. Qc2 Qc4 19. Ra3 Nd7 20. Rc1 Qb4 21.
Ra2 Nb6 22. b3 c4 23. bxc4 Nxc4 24. Bf2 Rc8 25. Ne2 Nb6 26. Qd2 Qxd2 27. Rxc8+
Rxc8 28. Rxd2 Nxa4 29. g3 1/2-1/2

[Event "Münsterland Open"]
[Site "Senden"]
[Date "2007.10.06"]
[Round "9.4"]
[White "Hoffmann, Michael"]
[Black "Barthel, Ansgar"]
[Result "1-0"]
[WhiteElo "2481"]
[BlackElo "2182"]
[PlyCount "65"]
[EventDate "2007.??.??"]

1. d4 Nf6 2. c4 g6 3. Nf3 Bg7 4. g3 O-O 5. Bg2 d6 6. O-O Nbd7 7. Nc3 e5 8. h3
h6 9. Be3 Re8 10. dxe5 dxe5 11. Qc1 Kh7 12. Rd1 c6 13. b4 Qc7 14. Nd2 Nf8 15.
Nde4 Nxe4 16. Nxe4 Be6 17. b5 cxb5 18. cxb5 Re7 19. Qa3 Rd7 20. Nc5 Rxd1+ 21.
Rxd1 Bc4 22. Qa4 Be6 23. Nxe6 Nxe6 24. b6 Qe7 25. bxa7 Nd4 26. Bxd4 exd4 27.
Rb1 b5 28. Bxa8 bxa4 29. Bb7 Qxe2 30. a8=Q d3 31. Qxa4 d2 32. Kg2 Bb2 33. Bf3
1-0

[Event "Münsterland Open"]
[Site "Senden"]
[Date "2007.10.06"]
[Round "9.5"]
[White "Torres-Kuckel, Rafael"]
[Black "Sazanov, Nikolai"]
[Result "1-0"]
[WhiteElo "2250"]
[BlackElo "2165"]
[PlyCount "101"]
[EventDate "2007.??.??"]

1. e4 c5 2. Nf3 Nc6 3. d4 cxd4 4. Nxd4 g6 5. c4 Bg7 6. Nc2 Nf6 7. Nc3 O-O 8.
Be2 d6 9. O-O Bd7 10. f3 Rc8 11. Rb1 Ne5 12. Ne3 a6 13. Kh1 h5 14. Bd2 Qe8 15.
a4 Rb8 16. Be1 b6 17. Bh4 Nc6 18. Qd2 Na7 19. b3 b5 20. cxb5 axb5 21. a5 b4 22.
Ncd5 Nxd5 23. Nxd5 Nc6 24. Rfc1 f6 25. Nb6 Kh7 26. Bb5 Bh6 27. f4 Ne5 28. Nxd7
Rxb5 29. Nxf8+ Qxf8 30. Qe2 Rxa5 31. fxe5 Bxc1 32. Rxc1 Rxe5 33. Bg3 Rc5 34.
Rxc5 dxc5 35. Bf2 e5 36. Qc4 Qd6 37. h3 g5 38. Bxc5 Qd7 39. Bxb4 g4 40. hxg4
hxg4 41. Qe2 f5 42. Bc3 Qc6 43. Bxe5 Qc1+ 44. Kh2 Qh6+ 45. Kg3 Qe6 46. exf5
Qxf5 47. b4 Qb1 48. b5 Qb3+ 49. Kxg4 Qe6+ 50. Kg3 Qg6+ 51. Qg4 1-0

[Event "Münsterland Open"]
[Site "Senden"]
[Date "2007.10.06"]
[Round "9.6"]
[White "Langers, Alexander"]
[Black "Felczer, Kevin"]
[Result "1-0"]
[WhiteElo "2160"]
[BlackElo "2242"]
[PlyCount "125"]
[EventDate "2007.??.??"]

1. e4 e6 2. d4 d5 3. Nc3 Bb4 4. e5 Qd7 5. f4 b6 6. Nf3 Ba6 7. Bxa6 Nxa6 8. Qd3
Nb8 9. O-O Bxc3 10. bxc3 Nc6 11. a4 Na5 12. f5 exf5 13. Bg5 Nc4 14. Nh4 h6 15.
Nxf5 hxg5 16. Nxg7+ Kd8 17. e6 Qd6 18. exf7 Qxh2+ 19. Kf2 Ne7 20. Ne6+ Kd7 21.
Rh1 Kxe6 22. Rxh2 Rxh2 23. Re1+ Kxf7 24. Qf3+ Kg8 25. Kg1 Rf8 26. Qg3 Rh7 27.
Rxe7 Rxe7 28. Qxg5+ Kf7 29. Qxd5+ Ke8 30. Qxc4 a5 31. Qd5 Rd7 32. Qa8+ Ke7 33.
Qe4+ Kd8 34. c4 Rdf7 35. Qd5+ Kc8 36. c5 bxc5 37. dxc5 Rf5 38. Qe6+ Kb7 39. g4
Rxc5 40. Qe7 Rc4 41. Qxf8 Rxg4+ 42. Kf2 Rxa4 43. Qc5 c6 44. Ke2 Kc7 45. Kd2 Kb7
46. Kc3 Ra1 47. Qe7+ Kb6 48. Qe3+ Kb7 49. Kb2 Rh1 50. Qe5 Ka6 51. Qc5 Rh6 52.
Ka3 Rg6 53. Ka4 Rh6 54. Qxa5+ Kb7 55. Qb4+ Ka6 56. Qc4+ Kb7 57. Qf7+ Kb6 58. c4
Rh1 59. Qf5 Rd1 60. Kb4 Rd2 61. Qa5+ Kb7 62. Kc5 Rb2 63. Qd8 1-0

[Event "Münsterland Open"]
[Site "Senden"]
[Date "2007.10.06"]
[Round "9.7"]
[White "Freitag, Julia"]
[Black "Rüberg, Jobst"]
[Result "1-0"]
[WhiteElo "2191"]
[BlackElo "2218"]
[PlyCount "71"]
[EventDate "2007.??.??"]

1. d4 Nf6 2. e3 e6 3. f4 c5 4. Nf3 cxd4 5. exd4 Be7 6. c3 b6 7. Bd3 Bb7 8. O-O
Qc8 9. f5 g6 10. fxe6 dxe6 11. Ne5 h6 12. Qa4+ Kf8 13. Qc2 Nbd7 14. Nxd7+ Qxd7
15. Bf4 Rh7 16. Nd2 Kg8 17. Be5 Qd5 18. Rf2 Ng4 19. Be4 Qd7 20. Bxg6 f5 21.
Bxh7+ Kxh7 22. Re2 Nxe5 23. Rxe5 Rg8 24. Re2 Ba6 25. Re3 Bg5 26. Rh3 Bb7 27.
Nf3 Be4 28. Qe2 Qd5 29. Rd1 Qxa2 30. c4 Bf6 31. Rg3 Rc8 32. Ne5 Bxe5 33. dxe5
Rc7 34. Qh5 f4 35. Rh3 Qxc4 36. Qxh6+ 1-0

[Event "Münsterland Open"]
[Site "Senden"]
[Date "2007.10.06"]
[Round "9.8"]
[White "Zelbel, Patrick"]
[Black "Smolka, Alexander"]
[Result "1/2-1/2"]
[WhiteElo "2193"]
[BlackElo "2025"]
[PlyCount "82"]
[EventDate "2007.??.??"]

1. e4 c5 2. c3 Nf6 3. e5 Nd5 4. d4 cxd4 5. Nf3 Nc6 6. cxd4 d6 7. Bc4 Nb6 8. Bb5
Bd7 9. Nc3 dxe5 10. dxe5 g6 11. O-O Bg7 12. Qe2 O-O 13. h3 Nb4 14. Rd1 Qe8 15.
Be3 a6 16. Bxb6 Bxb5 17. Qe4 a5 18. Bxa5 Na6 19. Nxb5 Qxb5 20. Bc3 Nc5 21. Qb4
Qc6 22. Bd4 b6 23. Rdc1 Nd3 24. Rxc6 Nxb4 25. Rxb6 Nc2 26. Rd1 Nxd4 27. Nxd4
Rfd8 28. f4 f6 29. exf6 Bxf6 30. Rb4 Rxa2 31. Kf2 Rxd4 32. Rbxd4 Bxd4+ 33. Rxd4
Rxb2+ 34. Kf3 Kf7 35. Rd3 Kf6 36. Ra3 Rb6 37. Ke4 Rb4+ 38. Kf3 Rb6 39. Re3 Rb5
40. Rc3 Rb6 41. Kg4 Ra6 1/2-1/2

[Event "Münsterland Open"]
[Site "Senden"]
[Date "2007.10.06"]
[Round "9.9"]
[White "Kuhn, Ulf"]
[Black "Davenport, Darcy"]
[Result "1/2-1/2"]
[WhiteElo "2130"]
[BlackElo "2122"]
[PlyCount "138"]
[EventDate "2007.??.??"]

1. c4 c5 2. g3 g6 3. Bg2 Bg7 4. Nc3 Nc6 5. Nf3 e6 6. O-O Nge7 7. d3 O-O 8. Bd2
d5 9. Rb1 b6 10. a3 Bb7 11. cxd5 Nxd5 12. Nxd5 exd5 13. b4 cxb4 14. axb4 Qd7
15. b5 Nd8 16. d4 Re8 17. e3 a6 18. bxa6 Bxa6 19. Re1 Rb8 20. Ne5 Bxe5 21. dxe5
d4 22. exd4 Qxd4 23. Be3 Qxd1 24. Rexd1 Ne6 25. Rxb6 Rxb6 26. Bxb6 Re7 27. Ra1
Bd3 28. g4 g5 29. Be3 Kg7 30. Re1 Re8 31. Bf3 Rb8 32. Kg2 Rb4 33. Kg3 Rb5 34.
h4 h6 35. Bd2 Rb2 36. Be3 Rb5 37. h5 Rb4 38. Bd2 Rb2 39. Be3 Rb4 40. Bd2 Rb2
41. Bc3 Rb3 42. Ba1 Bc2 43. Rc1 Bh7 44. Rc3 Rb1 45. Ra3 Rb4 46. Bd5 Bc2 47. Ra7
Bb3 48. Bc6 Rb8 49. Rb7 Rc8 50. Bd7 Rd8 51. Ra7 Bd5 52. Bc3 Rb8 53. Ra5 Rb3 54.
Rxd5 Rxc3+ 55. Kh2 Nf4 56. Ra5 Rc2 57. Kg3 Rc3+ 58. Kh2 Rc2 59. Ra1 Rxf2+ 60.
Kg3 Re2 61. Be8 Re3+ 62. Kf2 Rxe5 63. Bxf7 Kf8 64. Bc4 Rc5 65. Ra8+ Ke7 66. Bf1
Re5 67. Ra7+ Kf8 68. Rh7 Re6 69. Kf3 Rf6 1/2-1/2

[Event "Münsterland Open"]
[Site "Senden"]
[Date "2007.10.06"]
[Round "9.10"]
[White "Schulze, Ulrich"]
[Black "Nattermüller, Matthias"]
[Result "1-0"]
[WhiteElo "2309"]
[BlackElo "2101"]
[PlyCount "45"]
[EventDate "2007.??.??"]

1. Nf3 c5 2. c4 g6 3. Nc3 Bg7 4. g3 Nc6 5. Bg2 e6 6. d4 cxd4 7. Nb5 d5 8. cxd5
Qa5+ 9. Qd2 Qxb5 10. dxc6 Qxc6 11. O-O Qb6 12. Re1 e5 13. e3 dxe3 14. Qxe3 Qxe3
15. Bxe3 Ne7 16. Rac1 Nc6 17. Ng5 f6 18. Rxc6 Bg4 19. Re6+ Bxe6 20. Nxe6 Ke7
21. Nxg7 Rhd8 22. Rc1 Rd7 23. Bh3 1-0